ਮਿੱਟੀ ਦੇ ਸ਼ੇਰ : (Record no. 110861)

MARC details
000 -LEADER
fixed length control field 00898nam a22002417a 4500
005 - DATE AND TIME OF LATEST TRANSACTION
control field 20170123164158.0
010 ## - LIBRARY OF CONGRESS CONTROL NUMBER
LC control number A-824181
020 ## - INTERNATIONAL STANDARD BOOK NUMBER
Terms of availability 80.00
035 ## - SYSTEM CONTROL NUMBER
System control number A-824181
040 ## - CATALOGING SOURCE
Original cataloging agency DPL
Language of cataloging PN
082 ## - DEWEY DECIMAL CLASSIFICATION NUMBER
Classification number
Item number ਮਿਤਵਾ
100 ## - MAIN ENTRY--PERSONAL NAME
Personal name ਮਿਤਵਾ, ਦਰਸ਼ਨ
9 (RLIN) 131988
245 ## - TITLE STATEMENT
Title ਮਿੱਟੀ ਦੇ ਸ਼ੇਰ :
Remainder of title ਕਹਾਣੀ /
Statement of responsibility, etc ਦਰਸ਼ਨ ਮਿਤਵਾ
246 ## - VARYING FORM OF TITLE
Title proper/short title Mitti de sher : stories /
Remainder of title by Darshan Mitwa
260 ## - PUBLICATION, DISTRIBUTION, ETC. (IMPRINT)
Place of publication, distribution, etc ਮਾਨਸਾ
Name of publisher, distributor, etc ਓੁਡਾਨ ਪਬਲੀਕੇਸ਼ਨਜ਼
Date of publication, distribution, etc 1995
270 ## - ADDRESS
City ਮਾਨਸਾ
300 ## - PHYSICAL DESCRIPTION
Extent 143p.
Dimensions 19cm(Hb)
650 ## - SUBJECT ADDED ENTRY--TOPICAL TERM
Topical term or geographic name as entry element ਪੰਜਾਬੀ ਸਾਹਿਤ- ਲਘੂ ਕਹਾਣੀਆਂ
9 (RLIN) 8034
650 ## - SUBJECT ADDED ENTRY--TOPICAL TERM
Topical term or geographic name as entry element ਪੰਜਾਬੀ ਸਾਹਿਤ
9 (RLIN) 131989
650 ## - SUBJECT ADDED ENTRY--TOPICAL TERM
Topical term or geographic name as entry element Punjabi Literature- Short stories
9 (RLIN) 8035
650 ## - SUBJECT ADDED ENTRY--TOPICAL TERM
Topical term or geographic name as entry element Punjabi Literature
9 (RLIN) 131990
942 ## - ADDED ENTRY ELEMENTS (KOHA)
Source of classification or shelving scheme Dewey Decimal Classification
Koha item type Punjabi Bks
Classification part
Call number suffix ਮਿਤਵਾ
Holdings
Withdrawn status Lost status Damaged status Not for loan Home library Current library Date acquired Source of acquisition Cost, normal purchase price Total Checkouts Full call number Barcode Date last seen Date checked out Copy number Cost, replacement price Price effective from Koha item type
        Central Library Central Library 09/02/2016 Cen Lib/Ret 80.00 1 ਕ ਮਿਤਵਾ A-824181 26/07/2017 10/07/2017 1 80.00 09/02/2016 Punjabi Bks

© Delhi Public Library
Hit Counter
free hit counter